Регионална библиотека "Любен Каравелов" - Русе

Танц невероятен (Запис номер 227612)

MARC детайли
000 -Лидер
Контролно поле с фиксирана дължина 00906nja a2200229 a 4500
003 - Код на организацията, давaща контролен номер
Контролно поле BLK
005 - Дата и час на последна редакция
Контролно поле 20231121005356.0
008 - Елементи от данни с фиксирана дължина
fixed length control field 180410c bul|r|ner|||| 00| c0bul d
010 ## - Наследен системен номер
LC control number CDD00008575006
040 ## - Източник на каталожния запис
Идентификатор на билиотеката - собственик на записа BLK
245 10 - Сведения за заглавието
Заглавие Танц невероятен
Редно поле (дума) музика Георги Aтанасов Джилянов; текст Ангелина Иванова Жекова; аранжимент Виктор Боянов.
257 ## - Страна на издаване
Страна на създаване/издаване България
380 ## - Жанр
Жанр Изкуство
700 1# - Други автори (авторска отговорност)
Лично име Джилянов, Георги Aтанасов
Автороска отговорност (Описва отношението между автора и произведението) музика
9 (RLIN) 386607
700 ## - Други автори (авторска отговорност)
Лично име Жекова, Ангелина Иванова
Дати, свързани с автора 1944-
9 (RLIN) 366328
700 1# - Други автори (авторска отговорност)
Лично име Боянов, Виктор
Автороска отговорност (Описва отношението между автора и произведението) аранжимент
9 (RLIN) 355632
773 ## - Описание на основна библиографска единица при аналитични записи (многотомни)
Host Biblionumber 227606
Host Itemnumber 399753
Заглавие Музикална репетиция [аудио CD]
852 ## - Местоположение
Форматна сигнатура Цб CD 3819
942 ## - АРТИКУЛИ
Вид на библиотечния материал Компактдискове
Скрит в OPAC Не
944 ## - СЪЗДАВАНЕ И РЕДАКЦИЯ на ЗАПИСА
Създаване/Редакция Създаване
Дата на регистрацията/редакция 06.10.2014
Служител, извършил регистрацията/редакцията
Статус, дата на статуса CRON CRON
944 ## - СЪЗДАВАНЕ И РЕДАКЦИЯ на ЗАПИСА
Създаване/Редакция Редакция
Дата на регистрацията/редакция 25.05.2015
Служител, извършил регистрацията/редакцията
999 ## - СИСТЕМНИ КОНТРОЛНИ НОМЕРА
Koha biblionumber 227612
Koha biblioitemnumber 227612
Наличности
Код за отписване Код за изгубен артикул Код за повреда Коз за рестрикции Код за отдаване Артикулен № Име на библиотеката - собственик Име на библиотеката, в която се намира в момента Статус (Текущо местоположение) Дата на вписване в системата Местоположение - отдел Цена в лева Инвентарен номер Систематично азбучна сигнатура Баркод Номер на екземпляра Цена в евро Служебна бележка Служебен тип на артикула Бележка за публиката
  Не е изгубен Не е повреден само за читалня ползва се в читалня 399759 Регионална библиотека "Любен Каравелов" Русе Регионална библиотека "Любен Каравелов" Русе Аналитични записи 2018-04-13 Аналитични записи 0.00 900008575006 Цб CD 3819 900008575006 6 0.00 аналитичен запис Статия Това е описние на част от артикул: Музикална репетиция [аудио CD]
Vip Innovations Ltd, Rousse, Bulgaria 2025